Sports Quiz

Random Sports or Auto Racing Quiz

Indianapolis 500 Top 5 Finishers Quiz Stats

 Plays Quiz Updated May 29, 2018

Also try: Indy 500 Winners
Challenge
Share
Tweet
Embed
Score 0/240 Timer 12:00
0 Plays Today
Driver (Number) % Correct
Marco Andretti
86.5%
Mario Andretti
86.5%
Mario Andretti
86.5%
Marco Andretti
86.5%
Marco Andretti
86.5%
Mario Andretti
86.5%
Mario Andretti
86.5%
Michael Andretti
86.3%
Michael Andretti
86.3%
Michael Andretti
86.3%
Michael Andretti
86.3%
Michael Andretti
86.3%
John Andretti
85.6%
Marco Andretti
84.9%
Marco Andretti
83.9%
Will Power
79.9%
Al Unser Jr.
78.7%
Al Unser Jr.
78.7%
Al Unser Jr.
78.7%
Al Unser Jr.
78.7%
Al Unser Jr.
78.7%
Al Unser Jr.
78.7%
Al Unser Jr.
78.7%
Al Unser Sr.
78.4%
Al Unser Sr.
78.4%
Al Unser Sr.
78.4%
Al Unser Sr.
78.4%
Al Unser Sr.
78.4%
Al Unser Sr.
78.4%
Al Unser Sr.
78.4%
Al Unser Sr.
78.4%
Al Unser Sr.
78.4%
Al Unser Sr.
78.4%
Al Unser Sr.
78.4%
Bobby Unser
77.8%
Bobby Unser
77.8%
Bobby Unser
77.8%
Bobby Unser
77.8%
Robby Unser
77.1%
Helio Castroneves
76.7%
Danica Patrick
75.2%
Danica Patrick
75.2%
A.J. Foyt
75.1%
A.J. Foyt
75.1%
A.J. Foyt
75.1%
A.J. Foyt
75.1%
A.J. Foyt
75.1%
A.J. Foyt
75.1%
Helio Castroneves
74%
Helio Castroneves
74%
Helio Castroneves
74%
Helio Castroneves
74%
Helio Castroneves
74%
Helio Castroneves
74%
Takuma Sato
73.1%
Juan Pablo Montoya
73.1%
Juan Pablo Montoya
72.2%
Scott Dixon
72.2%
Dario Franchitti
70.6%
Dario Franchitti
70.6%
Tony Kanaan
70.6%
Helio Castroneves
70.6%
Juan Pablo Montoya
70.5%
Dario Franchitti
69.1%
Bobby Rahal
68.5%
Bobby Rahal
68.5%
Bobby Rahal
68.5%
Bobby Rahal
68.5%
Bobby Rahal
68.5%
Dan Wheldon
68.3%
Dan Wheldon
68.3%
Dan Wheldon
68.3%
Dan Wheldon
68.3%
Dan Wheldon
68.3%
Alexander Rossi
67.6%
Rick Mears
67.3%
Rick Mears
67.3%
Rick Mears
67.3%
Rick Mears
67.3%
Rick Mears
67.3%
Driver (Number) % Correct
Rick Mears
67.3%
Rick Mears
67.3%
Rick Mears
67.3%
Rick Mears
67.3%
Graham Rahal
67.3%
Dan Wheldon
67.2%
Ed Jones
66.7%
Tony Kanaan
65.3%
Emerson Fittipaldi
65%
Emerson Fittipaldi
65%
Emerson Fittipaldi
65%
Emerson Fittipaldi
65%
Tony Kanaan
65%
Tony Kanaan
65%
Tony Kanaan
65%
Tony Kanaan
65%
Scott Dixon
64.5%
Scott Dixon
64.5%
Scott Dixon
64.5%
Christian Fittipaldi
64.4%
Ryan Hunter-Reay
64.4%
Tony Kanaan
64.1%
Tony Kanaan
64%
Scott Dixon
62.9%
Graham Rahal
62.9%
Alexander Rossi
62%
Ed Carpenter
61%
Tony Stewart
59.7%
Scott Dixon
58.7%
Sam Hornish Jr.
58.5%
Sam Hornish Jr.
58.5%
Jacques Villeneuve
56.5%
Jacques Villeneuve
56.5%
Ryan Hunter-Reay
56.1%
Arie Luyendyk
55.6%
Arie Luyendyk
55.6%
Arie Luyendyk
55.6%
Arie Luyendyk
55.6%
Gordon Johncock
55.5%
Gordon Johncock
55.5%
Gordon Johncock
55.5%
Gordon Johncock
55.5%
Gordon Johncock
55.5%
Gordon Johncock
55.5%
Davy Jones
55.4%
Ryan Hunter-Reay
55.4%
Eddie Cheever Jr.
54.7%
Eddie Cheever Jr.
54.7%
Eddie Cheever Jr.
54.7%
Eddie Cheever Jr.
54.7%
Will Power
53.8%
Buddy Lazier
53.2%
Buddy Lazier
53.2%
Buddy Lazier
53.2%
Buddy Lazier
53.2%
Buddy Lazier
53.2%
Danny Sullivan
53%
Danny Sullivan
53%
Robby Gordon
52.7%
Robby Gordon
52.7%
Robby Gordon
52.7%
Will Power
52.1%
Johnny Rutherford
52%
Johnny Rutherford
52%
Johnny Rutherford
52%
Johnny Rutherford
52%
Buddy Rice
51.3%
Gil de Ferran
51.2%
Gil de Ferran
51.2%
Tom Sneva
51%
Tom Sneva
51%
Tom Sneva
51%
Tom Sneva
51%
Tom Sneva
51%
Kenny Brack
49.2%
Scott Goodyear
49.1%
Scott Goodyear
49.1%
Paul Tracy
46.8%
Carlos Munoz
46.6%
J.R. Hildebrand
45%
Driver (Number) % Correct
Josef Newgarden
43.4%
Max Chilton
42.1%
Carlos Munoz
41.5%
Mark Donohue
41.1%
Justin Wilson
41%
Nigel Mansell
40.8%
Carlos Munoz
40%
Ed Carpenter
39.1%
Charlie Kimball
38.9%
Roberto Guerrero
37.6%
Roberto Guerrero
37.6%
Roberto Guerrero
37.6%
Roberto Guerrero
37.6%
Roberto Guerrero
37.6%
Ryan Briscoe
37.2%
Ryan Briscoe
35.7%
Vitor Meira
34.8%
Vitor Meira
34.8%
Jimmy Vasser
33.7%
Jimmy Vasser
33.7%
Charlie Kimball
32.5%
Kevin Cogan
32%
Kevin Cogan
32%
Kevin Cogan
32%
Bryan Herta
31.8%
Bryan Herta
31.8%
Billy Vukovich Jr.
31.7%
Billy Vukovich Jr.
31.7%
Billy Vukovich Jr.
31.7%
Jeff Ward
31.3%
Jeff Ward
31.3%
Jeff Ward
31.3%
Billy Boat
30.8%
Gary Bettenhausen
30.6%
Gary Bettenhausen
30.6%
Gary Bettenhausen
30.6%
Oriol Servia
30.5%
Oriol Servia
30.2%
Townsend Bell
29.7%
Pancho Carter
29.5%
Pancho Carter
29.5%
Pancho Carter
29.5%
Tomas Scheckter
27.8%
Eliseo Salazar
27.6%
Eliseo Salazar
27.6%
Raul Boesel
26.9%
Raul Boesel
26.9%
Davey Hamilton
26.3%
Bruno Junqueira
25.8%
Bruno Junqueira
25.8%
Danny Ongais
25.7%
Johnny Parsons
25.4%
Johnny Parsons
25.4%
Peter Revson
25%
Wally Dallenbach
24%
Wally Dallenbach
24%
Wally Dallenbach
24%
Alex Lloyd
22.4%
Geoff Brabham
22.2%
Geoff Brabham
22.2%
Alessandro Zampedri
21.5%
Tora Takagi
21%
Richie Hearn
20.6%
Joe Leonard
20.5%
Felipe Giaffone
20.3%
Sam Posey
19.8%
Roger McCluskey
19.8%
Roger McCluskey
19.8%
David Hobbs
19.4%
Fabrizio Barbazza
19.3%
Mike Mosley
19.2%
Steve Knapp
18%
Vern Schuppan
17.8%
Alex Barron
17.7%
Robby McGehee
17.3%
Mel Kenyon
16.9%
Jim Malloy
16.7%
Sammy Sessions
16.6%
Steve Krisiloff
16.3%
Al Holbert
15.3%

You're not logged in!

Compare scores with friends on all Sporcle quizzes.
Join for Free
OR
Log In

You Might Also Like...

Show Comments

Extras

Top Quizzes Today


Score Distribution

Your Account Isn't Verified!

In order to create a playlist on Sporcle, you need to verify the email address you used during registration. Go to your Sporcle Settings to finish the process.

Report this User

Report this user for behavior that violates our Community Guidelines.

Details: